00677nam a2200241 a 4500001001300000003000900013005001700022008004100039020001000080082001300090100001700103245005000120260005900170300000900229500003500238505001000273650001200283700001700295902000800312942000700320952009300327999001500420nice12345678IN_TiNIC20260116011841.0050524s1923 lona grp 000 0 eng  ac10000a251bBUL aBull, Paul B aLectures on Preaching and Sermon Construction aLondonbSociety for Promoting Christian Knowledgc1923 a328p aincludes index and biblioraphy2 aIndex aSermons1 aBull, Paul B bSRS cBK 00104070aHMIbHMId2007-07-09g100.00l0o251 BULp6482r2007-07-09w2026-01-16yARB c4436d4436